00756nam a2200217 i 4500001000300000100004600003245009900049260005200148300002700200504002100227650002500248655003000273700002800303015001800331020001500349040000800364041000800372080001900380008004100399856009800440bg1 aGórecki, Krzysztofc(nauki techniczne).10aLaboratorium z podstaw miernictwa elektronicznego /cKrzysztof Górecki, Witold J. Stepowicz. aGdynia :bWydawnictwo Akademii Morskiej,c2005. a77 s. :bil. ;c25 cm. aBibliogr. s. 77. 9aElektronikaxpomiary aPodręczniki akademickie1 aSTEPOWICZ, Witold Jerzy aPB 13338/2006 a8374210214 cBPK0 apol a621.317(075.8) s pl f |000 0 pol  uhttp://koha.tu.koszalin.pl/cgi-bin/koha/opac-detail.pl?biblionumber=52073yKatalog online BPK